000
00284nam a2200121Ia 4500
008
231129s9999||||xx |||||||||||||| ||spa||
040
_b
spa
082
_a
Co861 o75j
100
_a
Orozco Patricia
245
0
_a
El jardin de los versos
264
_a
Centro Grafico
942
_2
ddc
_c
BKS
999
_c
11400
_d
11400